[Event "Tournament The King"]
[Site "SchemingMind.com"]
[Date "2008.03.14"]
[Round "-"]
[White "1tamad"]
[Black "PumpkinFace"]
[Result "1/2-1/2"]
[WhiteCountry "USA"]
[BlackCountry "USA"]
[WhiteElo "1749"]
[WhiteRD "66"]
[BlackElo "1759"]
[BlackRD "100"]
[GameID "145958"]

1. d4 d5 2. e3 Nf6 3. Bd3 Nbd7 4. f4 c5 5. c3 c4 6. Bc2 e6 7. Nd2 Be7 8. Ngf3 h6 9. O-O O-O 10. Ne5 Qc7
11. Rf3 Nxe5 12. fxe5 Nh7 13. Rg3 Bg5 14. Nf3 f5 15. Nxg5 Nxg5 16. Qh5 Qf7 17. Qe2 Bd7 18. Bd2 b5 19. a3 Ne4 20. Bxe4 dxe4
21. Rf1 Kh7 22. Rf4 g6 23. Rh4 Qg7 24. Rgh3 g5 25. Rxh6+ Qxh6 26. Rxh6+ Kxh6 27. g3 Rh8 28. Be1 Rh7 29. Bf2 Rah8 30. Kg2 Be8
31. Qd2=
1/2-1/2

[Event "Tournament The King"]
[Site "SchemingMind.com"]
[Date "2008.03.14"]
[Round "-"]
[White "PumpkinFace"]
[Black "1tamad"]
[Result "1/2-1/2"]
[WhiteCountry "USA"]
[BlackCountry "USA"]
[WhiteElo "1759"]
[WhiteRD "100"]
[BlackElo "1749"]
[BlackRD "66"]
[GameID "145961"]

1. Nf3 d5 2. g3 c5 3. d3 Nc6 4. Nbd2 e5 5. e4 d4 6. Bg2 Nf6 7. O-O Be7 8. c3 O-O 9. a3 Bg4 10. h3 Bd7
11. Qc2 Qc8 12. Kh2 Nh5 13. Nc4 Qc7 14. cxd4 Nxd4 15. Nxd4 cxd4 16. Qe2 Nf6 17. b4 Rac8 18. Bb2 b5 19. Na5 Qb8 20. Rac1 Rxc1
21. Rxc1 Rc8 22. Qd2 Rxc1 23. Qxc1 Bd8 24. Nc6 Bxc6 25. Qxc6 Qb6 26. Qxb6 Bxb6 27. Bf3 g6=
1/2-1/2

[Event "Tournament The King"]
[Site "SchemingMind.com"]
[Date "2008.03.16"]
[Round "-"]
[White "Theodoric"]
[Black "Konan_Kaddosh"]
[Result "0-1"]
[WhiteCountry "ENG"]
[BlackCountry "ITA"]
[WhiteElo "1897"]
[WhiteRD "62"]
[BlackElo "2496"]
[BlackRD "63"]
[GameID "146191"]

1. e4 c5 2. c3 Nc6 3. Nf3 d5 4. exd5 Qxd5 5. d4 Nf6 6. Be2 e6 7. O-O Be7 8. c4 Qd8 9. dxc5 O-O 10. Nbd2 e5
11. Nb3 a5 12. Qxd8 Rxd8 13. a4 e4 14. Ne1 Be6 15. f4 Bg4 16. Bxg4 Nxg4 17. h3 Nh6 18. Be3 Nf5 19. Nc2 Rd3 20. Ra3 Nxe3
21. Nxe3 Rxe3 22. Kf2 Rd3 23. Kg1 e3 24. g4 e2 25. Re1 Rd1 26. Ra1 Rxa1 27. Nxa1 Bxc5+ 28. Kg2 Re8 29. Nc2 Nb4
0-1

[Event "Tournament The King"]
[Site "SchemingMind.com"]
[Date "2008.03.16"]
[Round "-"]
[White "Konan_Kaddosh"]
[Black "Theodoric"]
[Result "1-0"]
[WhiteCountry "ITA"]
[BlackCountry "ENG"]
[WhiteElo "2496"]
[WhiteRD "63"]
[BlackElo "1897"]
[BlackRD "62"]
[GameID "146196"]

1. d4 Nf6 2. Nf3 g6 3. c4 Bg7 4. g3 O-O 5. Bg2 d6 6. O-O Nc6 7. Nc3 a6 8. Re1 Rb8 9. Rb1 Na5 10. Qa4 b6
11. c5 Bb7 12. e4 dxc5 13. dxc5 Nd7 14. Be3 e6 15. Rbd1 Bc6 16. Qc2 Qe8 17. cxb6 Nxb6 18. Bc5 Na4 19. Nxa4 Bxa4 20. b3 Nxb3
21. axb3 Bxb3 22. Qe2 Bxd1 23. Qxd1 Qd8 24. Bxf8 Qxd1 25. Rxd1 Bxf8 26. Ne5 c5 27. Rd7 Bg7 28. Nxf7 c4 29. Rc7 c3 30. Ng5 Be5
31. Rc6 a5 32. Nf3 Bg7 33. e5 Rb1+ 34. Bf1 h6 35. Rxc3 Ra1 36. Kg2 Kh7 37. Bc4 a4 38. Bxe6 Bh8 39. Rc7+ Bg7 40. Bc4 a3
41. e6
1-0

[Event "Tournament The King"]
[Site "SchemingMind.com"]
[Date "2008.03.22"]
[Round "-"]
[White "neoliminal"]
[Black "mmccaffe"]
[Result "1/2-1/2"]
[WhiteCountry "CRC"]
[BlackCountry "USA"]
[WhiteElo "1365"]
[WhiteRD "106"]
[BlackElo "1661"]
[BlackRD "51"]
[GameID "146902"]

1. d4 Nf6 2. Bg5 Ne4 3. f4 Nxg5 4. fxg5 c5 5. Nf3 cxd4 6. Nxd4 Qa5+ 7. c3 Qxg5 8. Nd2 Nc6 9. N2f3 Qd5 10. g3 e5
11. Nxc6 Qxd1+ 12. Rxd1 bxc6 13. Nxe5 Ba6 14. Nxd7 Be7 15. Bg2 Bb7 16. O-O O-O-O 17. Nc5 Bxc5+ 18. e3 Bxe3+ 19. Kh1 c5 20. Bxb7+ Kxb7
21. Rxf7+ Kb8 22. Re1 Bg5=
1/2-1/2

[Event "Tournament The King"]
[Site "SchemingMind.com"]
[Date "2008.03.22"]
[Round "-"]
[White "mmccaffe"]
[Black "neoliminal"]
[Result "0-1"]
[WhiteCountry "USA"]
[BlackCountry "CRC"]
[WhiteElo "1634"]
[WhiteRD "50"]
[BlackElo "1387"]
[BlackRD "103"]
[GameID "146904"]

1. e4 c5 2. Nf3 e6 3. b3 Nc6 4. Bb2 Nf6 5. Bd3 d5 6. e5 Ng4 7. h3 Nh6 8. g4 f5 9. g5 Nf7 10. h4 Qc7
11. Qe2 d4 12. Na3 a6 13. c3 Bd7 14. cxd4 Nxd4 15. Nxd4 cxd4 16. Bxd4 Bxa3 17. b4 O-O 18. b5 axb5 19. O-O Bc5 20. Rfc1 b6
21. Bxb5 Bxd4 22. Rxc7 Bxb5 23. Qd1 Bxa1 24. Qxa1 Ra4 25. Qb1 Bc4 26. Qxb6 Bd5 27. Ra7 Rxh4 28. Kf1 Bc4+ 29. Kg1 Rg4+ 30. Kh2 Nxg5
31. Qb7 Nf7 32. Qe7 Nxe5 33. a4 Nf3+ 34. Kh1 Bd5 35. a5 Ng1+ 36. Kh2 h6 37. a6 Rf6 38. Rd7 Nf3+ 39. Kh3 Rfg6 40. Rd8+ Kh7
0-1

[Event "Tournament The King"]
[Site "SchemingMind.com"]
[Date "2008.04.03"]
[Round "-"]
[White "Cruyce"]
[Black "krueger"]
[Result "0-1"]
[WhiteCountry "BEL"]
[BlackCountry "USA"]
[WhiteElo "2172"]
[WhiteRD "75"]
[BlackElo "2161"]
[BlackRD "85"]
[GameID "148569"]

1. d4 Nf6 2. c4 e6 3. g3 d5 4. Nf3 Be7 5. Bg2 O-O 6. O-O dxc4 7. Ne5 Nc6 8. Bxc6 bxc6 9. Nxc6 Qe8 10. Nxe7+ Qxe7
11. Qa4 e5 12. Qxc4 exd4 13. Qxd4 Qxe2 14. Nc3 Qh5 15. f3 Bh3 16. Rf2 Rad8 17. Qa4 Rd3 18. Qf4 Qc5
0-1

[Event "Tournament The King"]
[Site "SchemingMind.com"]
[Date "2008.04.03"]
[Round "-"]
[White "krueger"]
[Black "Cruyce"]
[Result "1-0"]
[WhiteCountry "USA"]
[BlackCountry "BEL"]
[WhiteElo "2123"]
[WhiteRD "84"]
[BlackElo "2194"]
[BlackRD "75"]
[GameID "148579"]

1. e4 e5 2. Nf3 Nc6 3. Bb5 a6 4. Ba4 Nf6 5. O-O b5 6. Bb3 Bc5 7. a4 Rb8 8. c3 O-O 9. d4 Bb6 10. axb5 axb5
11. dxe5 Ng4 12. Bf4 Qe7 13. Qd5 b4 14. h3 Nxf2 15. Rxf2
1-0

[Event "Tournament The King"]
[Site "SchemingMind.com"]
[Date "2008.05.20"]
[Round "-"]
[White "griffimv"]
[Black "PumpkinFace"]
[Result "1-0"]
[WhiteCountry "INT"]
[BlackCountry "USA"]
[WhiteElo "2355"]
[WhiteRD "79"]
[BlackElo "1792"]
[BlackRD "101"]
[GameID "155053"]

1. e4 e5 2. Nf3 Nc6 3. Bb5 a6 4. Ba4 Nf6 5. O-O b5 6. Bb3 Bc5 7. a4 Bb7 8. d3 O-O 9. Nc3 h6 10. axb5 axb5
11. Rxa8 Bxa8 12. Nxb5 d6 13. Qe1 Qb8 14. Bc4 Nb4 15. c3 Nc6 16. b4 Bb6 17. Be3 Ne7 18. Bxb6 Qxb6 19. Qe3 Qb7 20. Ra1 d5
21. exd5 Nexd5 22. Qa7 e4 23. dxe4 Nxe4 24. Bxd5 Qxa7 25. Bxf7+ Rxf7 26. Rxa7 Bc6 27. Ne5 Rf6 28. Nxc6 Rxc6 29. Rxc7 Rxc7 30. Nxc7 Nxc3
31. b5 Na4 32. f4 Kf7 33. Kf2 Nb6 34. Ke3 Ke7 35. f5
1-0

[Event "Tournament The King"]
[Site "SchemingMind.com"]
[Date "2008.05.20"]
[Round "-"]
[White "PumpkinFace"]
[Black "griffimv"]
[Result "0-1"]
[WhiteCountry "USA"]
[BlackCountry "INT"]
[WhiteElo "1792"]
[WhiteRD "101"]
[BlackElo "2355"]
[BlackRD "79"]
[GameID "155056"]

1. Nf3 Nf6 2. d3 d5 3. Nbd2 c5 4. g3 Nc6 5. Bg2 e5 6. O-O Be7 7. b3 O-O 8. Bb2 Qc7 9. c3 e4 10. dxe4 Nxe4
11. c4 Rd8 12. Qc1 Nxd2 13. Nxd2 d4 14. a3 Bg4 15. Nf3 Bf5 16. h3 Be4 17. Kh2 h6 18. e3 d3 19. Bc3 Rd6 20. Rd1 Bf6
21. Ne1 Bxg2 22. Kxg2 Qe7 23. Bxf6 gxf6 24. Nxd3 Rxd3 25. Rxd3 Qe4+ 26. Kg1 Qxd3 27. Qb2 Ne5
0-1

[Event "Tournament The King"]
[Site "SchemingMind.com"]
[Date "2008.06.13"]
[Round "-"]
[White "marble"]
[Black "neoliminal"]
[Result "1-0"]
[WhiteCountry "ENG"]
[BlackCountry "CRC"]
[WhiteElo "1644"]
[WhiteRD "58"]
[BlackElo "1387"]
[BlackRD "103"]
[GameID "158756"]

1. e4 e6 2. d4 d5 3. Nc3 dxe4 4. Nxe4 Nf6 5. Bg5 Be7 6. Bxf6 Bxf6 7. Nf3 h6 8. c4 Bd7 9. Bd3 Bc6 10. O-O Bg5
11. b4 f5 12. Nc3 Bxf3 13. Qxf3 Qxd4 14. Nb5 Qd7 15. Rfd1 O-O 16. Qxb7 Nc6 17. c5 Nxb4 18. Bc4 Bd2 19. Rab1 Nc2 20. Rb2 Rab8
21. Qf3 Rxb5 22. Bxb5 Qd4 23. Rxc2
1-0

[Event "Tournament The King"]
[Site "SchemingMind.com"]
[Date "2008.06.13"]
[Round "-"]
[White "neoliminal"]
[Black "marble"]
[Result "0-1"]
[WhiteCountry "CRC"]
[BlackCountry "ENG"]
[WhiteElo "1387"]
[WhiteRD "103"]
[BlackElo "1644"]
[BlackRD "58"]
[GameID "158766"]

1. e4 c5 2. Nc3 g6 3. Nf3 Bg7 4. h4 d6 5. d3 Bg4 6. Be2 Nf6 7. Bg5 h6 8. Bxf6 Bxf6 9. Nd5 Bxb2 10. Rb1 e6
11. Rxb2 exd5 12. exd5 O-O 13. Rxb7 Nd7 14. h5 Bxh5 15. Nh4 Re8 16. Kd2 Bxe2 17. Qa1 Qg5+ 18. f4 Qxf4+ 19. Kc3 Nb6 20. Nxg6 Qb4#
0-1

[Event "Tournament The King"]
[Site "SchemingMind.com"]
[Date "2008.06.22"]
[Round "-"]
[White "marble"]
[Black "krueger"]
[Result "0-1"]
[WhiteCountry "ENG"]
[BlackCountry "USA"]
[WhiteElo "1679"]
[WhiteRD "56"]
[BlackElo "2152"]
[BlackRD "84"]
[GameID "160005"]

1. e4 e6 2. d4 d5 3. Nc3 Bb4 4. e5 c5 5. a3 Bxc3+ 6. bxc3 Ne7 7. Bg5 h6 8. Bxe7 Qxe7 9. Nf3 O-O 10. c4 dxc4
11. Bxc4 Rd8 12. c3 Nc6 13. O-O b6 14. Qd3 Bb7 15. Bb3 cxd4 16. cxd4 Rd7 17. Ba4 Rad8 18. Bc2 g6 19. Qd2 Nxd4 20. Nxd4 Rxd4
21. Qxh6 Rg4 22. Qe3 Rxg2+ 23. Kh1 Qh4
0-1

[Event "Tournament The King"]
[Site "SchemingMind.com"]
[Date "2008.06.22"]
[Round "-"]
[White "krueger"]
[Black "marble"]
[Result "1-0"]
[WhiteCountry "USA"]
[BlackCountry "ENG"]
[WhiteElo "2152"]
[WhiteRD "84"]
[BlackElo "1679"]
[BlackRD "56"]
[GameID "160013"]

1. e4 c5 2. Nf3 g6 3. d4 cxd4 4. Nxd4 Bg7 5. Nc3 Nc6 6. Be3 Nf6 7. Bc4 O-O 8. f3 d6 9. Qd2 Bd7 10. O-O-O Rc8
11. Bb3 Ne5 12. Bh6 Be6 13. Bxg7 Kxg7 14. Bxe6 Qb6 15. Bb3 Nfd7 16. h4 Nf6 17. h5 Nxh5 18. g4 Nf6 19. Nd5 Nxd5 20. Qh6+ Kf6
21. g5#
1-0

[Event "Tournament The King"]
[Site "SchemingMind.com"]
[Date "2008.06.25"]
[Round "-"]
[White "Konan_Kaddosh"]
[Black "griffimv"]
[Result "1-0"]
[WhiteCountry "ITA"]
[BlackCountry "INT"]
[WhiteElo "2570"]
[WhiteRD "66"]
[BlackElo "2236"]
[BlackRD "85"]
[GameID "160137"]

1. e4 c5 2. Nf3 d6 3. d4 cxd4 4. Nxd4 Nf6 5. Nc3 a6 6. Be2 e5 7. Nb3 Be7 8. O-O O-O 9. Be3 Be6 10. Qd2 Nbd7
11. a4 Rc8 12. a5 Qc7 13. Rfd1 Rfd8 14. Qe1 Qc6 15. Bf3 h6 16. Nc1 Qc7 17. Nd3 d5 18. exd5 Bf5 19. h3 Bd6 20. Be2 e4
21. Nc1 Nc5 22. Bf1 Be5 23. N1e2 Bg6 24. Ra3 Bh5 25. b4 Ncd7 26. Na4 Qd6 27. Qd2 g5 28. c3 Bh2+ 29. Kh1 Bf4 30. Raa1 Be5
31. Rac1 Qc7 32. c4 Nb8 33. Nb6
1-0

[Event "Tournament The King"]
[Site "SchemingMind.com"]
[Date "2008.06.25"]
[Round "-"]
[White "griffimv"]
[Black "Konan_Kaddosh"]
[Result "0-1"]
[WhiteCountry "INT"]
[BlackCountry "ITA"]
[WhiteElo "2236"]
[WhiteRD "85"]
[BlackElo "2570"]
[BlackRD "66"]
[GameID "160147"]

1. e4 c5 2. Nf3 Nc6 3. d4 cxd4 4. Nxd4 e5 5. Nb5 d6 6. N1c3 a6 7. Na3 b5 8. Nd5 Nf6 9. Bg5 Be7 10. Bxf6 Bxf6
11. c4 b4 12. Nc2 a5 13. g3 O-O 14. Bg2 Bg5 15. O-O Be6 16. Qd3 Qb8 17. Rfd1 Qb7 18. Nce3 g6 19. h4 Bd8 20. a3 Rb8
21. Rd2 bxa3 22. Qxa3 Qd7 23. c5 Nd4 24. cxd6 Nb3 25. Rad1 Nxd2 26. Rxd2 a4 27. Bf1 Bxd5 28. Nxd5 Qc6
0-1

[Event "Tournament The King"]
[Site "SchemingMind.com"]
[Date "2008.10.27"]
[Round "-"]
[White "krueger"]
[Black "Konan_Kaddosh"]
[Result "0-1"]
[WhiteCountry "USA"]
[BlackCountry "ITA"]
[WhiteElo "2173"]
[WhiteRD "91"]
[BlackElo "2617"]
[BlackRD "65"]
[GameID "175907"]

1. e4 c5 2. Nf3 Nc6 3. d4 cxd4 4. Nxd4 e5 5. Nb5 d6 6. N1c3 a6 7. Na3 b5 8. Nd5 Nf6 9. Bg5 Be7 10. Bxf6 Bxf6
11. c3 O-O 12. Nc2 Bg5 13. a4 bxa4 14. Rxa4 a5 15. Bc4 Rb8 16. b3 Kh8 17. O-O f5 18. exf5 Bxf5 19. Nce3 Bg6 20. Be2 Bf7
21. Nc4 e4
0-1

[Event "Tournament The King"]
[Site "SchemingMind.com"]
[Date "2008.10.27"]
[Round "-"]
[White "Konan_Kaddosh"]
[Black "krueger"]
[Result "1-0"]
[WhiteCountry "ITA"]
[BlackCountry "USA"]
[WhiteElo "2617"]
[WhiteRD "65"]
[BlackElo "2173"]
[BlackRD "91"]
[GameID "175914"]

1. d4 Nf6 2. Bg5 e6 3. Nf3 h6 4. Bxf6 gxf6 5. Nc3 d5 6. e4 c6 7. Bd3 Nd7 8. Qe2 Qa5 9. exd5 cxd5 10. O-O Bb4
11. Nd1 Bd6 12. Ne3 Nb6 13. a4 Nd7 14. Nf5 Bf8 15. N3h4 Nb8 16. c4 Nc6 17. cxd5 Qxd5 18. Bc4
1-0